All Black Sabbath Songs - Statistics

General Stats
  • This quiz has been taken 893 times
    684 since last reset
  • The average score is 57 of 182
Answer Stats
Album Song % Correct
Paranoid Paranoid
98%
Black Sabbath Black Sabbath
97%
Dehumanizer I
95%
Paranoid Iron Man
91%
Paranoid War Pigs
91%
Sabbath Bloody Sabbath Sabbath Bloody Sabbath
86%
Heaven and Hell Heaven and Hell
82%
Black Sabbath N.I.B.
81%
Master of Reality Children of the Grave
80%
Master of Reality Sweet Leaf
80%
Never Say Die! Never Say Die
78%
Paranoid Planet Caravan
77%
Black Sabbath The Wizard
77%
Paranoid Fairies Wear Boots
73%
Paranoid Electric Funeral
71%
Vol. 4 Snowblind
71%
Mob Rules The Mob Rules
71%
Paranoid Rat Salad
68%
Master of Reality Into the Void
67%
Vol. 4 Changes
65%
Black Sabbath Evil Woman
65%
Paranoid Hand of Doom
65%
Vol. 4 Supernaut
60%
Master of Reality Orchid
57%
Born Again Born Again
56%
Master of Reality Embryo
56%
Headless Cross Headless Cross
56%
Master of Reality Lord of This World
54%
Master of Reality After Forever
53%
Black Sabbath Behind the Wall of Sleep
53%
Heaven and Hell Neon Knights
53%
Seventh Star Seventh Star
53%
Heaven and Hell Children of the Sea
52%
Black Sabbath Warning
52%
Sabbath Bloody Sabbath A National Acrobat
51%
Sabbath Bloody Sabbath Sabbra Cadabra
51%
Master of Reality Solitude
51%
Sabotage Symptom of the Universe
50%
Black Sabbath Sleeping Village
49%
Sabotage Megalomania
48%
Dehumanizer After All (The Dead)
47%
Forbidden Forbidden
46%
13 God Is Dead?
46%
Sabotage Hole in the Sky
46%
Vol. 4 Wheels of Confusion
46%
Black Sabbath Wicked World
46%
Vol. 4 Cornucopia
45%
Sabbath Bloody Sabbath Killing Yourself to Live
45%
Sabbath Bloody Sabbath Fluff
43%
Vol. 4 FX
43%
Sabbath Bloody Sabbath Spiral Architect
43%
Vol. 4 Under the Sun
43%
Sabotage Am I Going Insane (Radio)
42%
Vol. 4 Laguna Sunrise
42%
Heaven and Hell Die Young
41%
The Eternal Idol Eternal Idol
40%
Vol. 4 St. Vitus Dance
40%
Vol. 4 Tomorrow's Dream
40%
Never Say Die! Johnny Blade
37%
Heaven and Hell Lady Evil
37%
Mob Rules The Sign of the Southern Cross
37%
Technical Ecstasy Dirty Women
36%
Sabotage The Writ
35%
Sabbath Bloody Sabbath Who Are You?
35%
Sabotage Supertzar
34%
Born Again Zero the Hero
32%
Never Say Die! Junior's Eyes
31%
Sabbath Bloody Sabbath Looking for Today
31%
Technical Ecstasy Rock 'n' Roll Doctor
31%
Heaven and Hell Wishing Well
31%
Heaven and Hell Lonely Is the Word
30%
Technical Ecstasy Back Street Kids
29%
Mob Rules Country Girl
29%
Sabotage Don't Start (Too Late)
29%
13 End of the Beginning
29%
Mob Rules Voodoo
29%
Born Again Digital B***h
27%
Technical Ecstasy It's Alright
27%
Technical Ecstasy Gypsy
26%
13 Loner
26%
Mob Rules Turn Up the Night
26%
Dehumanizer Computer God
25%
Born Again Disturbing the Priest
25%
Mob Rules E5150
25%
Sabotage The Thrill of It All
25%
13 Zeitgeist
25%
Never Say Die! A Hard Road
24%
Never Say Die! Swinging the Chain
24%
The Eternal Idol The Shining
24%
Dehumanizer TV Crimes
24%
Mob Rules Falling Off the Edge of the World
23%
Born Again Stonehenge
23%
Seventh Star No Stranger to Love
22%
Born Again Trashed
22%
Tyr Anno Mundi
21%
Tyr Valhalla
21%
Never Say Die! Air Dance
20%
13 Dear Father
20%
Headless Cross Devil & Daughter
20%
Mob Rules Over and Over
20%
Reunion Psycho Man
20%
Heaven and Hell Walk Away
20%
Seventh Star In for the Kill
18%
Tyr Jerusalem
18%
13 Methademic
18%
Tyr Odin's Court
18%
Technical Ecstasy She's Gone
18%
Tyr The Battle of Tyr
18%
Dehumanizer Time Machine
18%
Technical Ecstasy You Won't Change Me
18%
The Eternal Idol Ancient Warrior
17%
13 Pariah
17%
Born Again The Dark
17%
Technical Ecstasy All Moving Parts (Stand Still)
16%
Never Say Die! Breakout
16%
Seventh Star Danger Zone
16%
Cross Purposes Evil Eye
16%
The Eternal Idol Scarlet Pimpernel
16%
Mob Rules Slipping Away
16%
Seventh Star Sphinx (The Guardian)
16%
Headless Cross The Gates of Hell
16%
Tyr The Sabbath Stones
16%
Headless Cross When Death Calls
16%
13 Damaged Soul
15%
The Eternal Idol Glory Ride
15%
Born Again Hot Line
15%
Born Again Keep It Warm
15%
Dehumanizer Master of Insanity
15%
Never Say Die! Shock Wave
15%
Tyr The Law Maker
15%
Headless Cross Cloak and Dagger
14%
Cross Purposes Cross of Thorns
14%
Headless Cross Nightwing
14%
Never Say Die! Over to You
14%
Forbidden The Illusion of Power
14%
13 Age of Reason
13%
Headless Cross Black Moon
13%
The Eternal Idol Born to Lose
13%
Dehumanizer Buried Alive
13%
Forbidden Get a Grip
13%
The Eternal Idol Hard Life to Love
13%
Seventh Star Heart Like a Wheel
13%
Headless Cross Kill in the Spirit World
13%
Dehumanizer Letters from Earth
13%
13 Live Forever
13%
Cross Purposes Psychophobia
13%
Dehumanizer Sins of the Father
13%
Black Sabbath: The Dio Years The Devil Cried
13%
Seventh Star Turn to Stone
13%
Cross Purposes Virtual Death
13%
Headless Cross Call of the Wild
12%
Tyr Heaven in Black
12%
Seventh Star In Memory...
12%
Seventh Star Angry Heart
11%
Cross Purposes I Witness
11%
The Eternal Idol Nightmare
11%
Forbidden Rusty Angels
11%
Reunion Selling My Soul
11%
Cross Purposes The Hand That Rocks the Cradle
11%
Dehumanizer Too Late
11%
Tyr Feels Good to Me
10%
Forbidden Kiss of Death
10%
13 Peace of Mind
10%
Black Sabbath: The Dio Years Shadow of the Wind
10%
Cross Purposes Back to Eden
9%
Cross Purposes Immaculate Deception
9%
Cross Purposes Cardinal Sin
8%
The End Cry All Night
8%
Cross Purposes Dying for Love
8%
The End Isolated Man
8%
The Eternal Idol Lost Forever
8%
The End Season of the Dead
8%
Black Sabbath: The Dio Years Ear in the Wall
7%
Forbidden Guilty as Hell
7%
Forbidden Loser Gets It All
7%
Forbidden Shaking Off the Chains
7%
The Eternal Idol Some Kind of Woman
7%
Cross Purposes What's the Use?
7%
Forbidden Can't Get Close Enough
6%
Forbidden I Won't Cry for You
6%
Forbidden Sick and Tired
6%
The End Take Me Home
5%
No matching quizzes found
Score Distribution
Percent of People with Each Score
Percentile by Number Answered
Your Score History
You have not taken this quiz since the last reset